La ballena.

Αποθηκεύτηκε σε:
Λεπτομέρειες βιβλιογραφικής εγγραφής
Κύριος συγγραφέας: Davies, Benji (autor, ilustrador)
Μορφή: Άγνωστο
Έκδοση: Valencia, España: Andana, 2022.
Θέματα:
Ετικέτες: Προσθήκη ετικέτας
Δεν υπάρχουν, Καταχωρήστε ετικέτα πρώτοι!

MARC

LEADER 00000 a2200000 4500
003 CL-VaPUC
005 20230904153148.0
008 230719t2022 ||||| |||| 00| 0 eng d
999 |c 441171  |d 441169 
020 |a 9788494267109 
040 |c Pontificia Universidad Católica de Valparaíso 
082 7 |a 823 DAV 2022  |2 22 
100 |a Davies, Benji  |e autor  |e ilustrador  |9 883140 
245 |a La ballena. 
260 |a Valencia, España:  |b Andana,   |c 2022. 
300 |a sin paginación;  |b  ilustraciones.  
583 |k GC  |c 20230719 
650 0 |a Cuento infantil inglés  |9 310546 
650 0 |a Literatura inglesa  |9 312907 
942 |2 ddc  |c BK 
952 |0 0  |1 0  |2 ddc  |4 0  |6 823_000000000000000_DAV_2022  |7 0  |8 A  |9 590806  |a BIBEDU  |b BIBEDU  |c GEN  |d 2023-07-10  |e 3  |g 19047.00  |i 5658008  |l 5  |o 823 DAV 2022  |p 5658008  |r 2024-11-18  |s 2024-11-11  |t 1  |v 19047.00  |w 2023-07-10  |y BK  |k LIT